000 00434nam a22001817a 4500
040 _aISFD N° 12
082 _a820.3
_bLON
100 _aLondon Jack
240 _aLa peste escarlata
245 _aLa peste escarlata
260 _aBuenos Aires
_bRei Argentina
300 _a93p.
650 _anarrativa
942 _2ddc
_cLIB
999 _c7003
_d7003